|
|
|
|
| LEADER |
00000nab a2200000 a 4500 |
| 001 |
vtls008419172 |
| 003 |
SK-MaSNL |
| 005 |
20260303070057.0 |
| 008 |
051216 20051215xo dr er 000 0 slo |
| 038 |
|
|
|a KEVKJB
|
| 040 |
|
|
|a VKJB
|b slo
|c VKJB
|e AACR2
|
| 041 |
0 |
|
|a slo
|
| 044 |
|
|
|a xo
|c SK
|
| 080 |
|
|
|a 352.075.1
|2 UDC-MRF-SK2
|
| 100 |
1 |
|
|a Némethová, Renáta
|4 aut
|9 826895
|
| 245 |
1 |
0 |
|a Trebuľa sa dnes vzdá funkcie, pravica stiahne rozpočet
|b koalícia KDH-DS-SDKÚ-OKS rokuje o nástupcovi Bernátha na poste riaditeľa magistrátu
|c Renáta Némethová
|
| 300 |
|
|
|b Obr.
|
| 600 |
1 |
7 |
|a Trebuľa, Zdenko,
|d 1955-
|2 kevkjb
|9 17985
|
| 610 |
1 |
7 |
|a Košice (Slovensko).
|b Mestské zastupiteľstvo
|2 kevkjb
|9 94952
|
| 650 |
0 |
7 |
|a personálne zmeny
|2 kevkjb
|9 1016550
|
| 651 |
|
7 |
|a Košice (Slovensko)
|2 kevkjb
|9 18694
|
| 773 |
0 |
|
|t Košický denník Korzár
|g Roč. VIII, č. 289 (2005), s. 2
|x 1335-4566
|
| 852 |
|
|
|a KEVKJB
|b KIS3GCP
|
| 999 |
|
|
|c 1753838
|d 1755768
|